000 004200000a22001690004500
003 MACL
005 20151217151909.0
008 151217b xxu||||| |||| 00| 0 eng d
040 _aMACL
_cMACL
041 _aEnglish
082 _a030
100 _aGeorge Newnes Ltd
_920850
245 _aChamberss Encyclopaedia
_bVol XI
260 _bGeorge Newnes Ltd
_c1955
650 _aEncyclopaedia
_920851
942 _cBK
_k030
_2ddc
999 _c40648
_d40648